| 000 | 01289cam a22003858a 4500 | ||
|---|---|---|---|
| 001 | 13943907 | ||
| 003 | OSt | ||
| 005 | 20140310181630.0 | ||
| 008 | 050427s2006 enk b 001 0 eng | ||
| 010 | _a 2005012198 | ||
| 020 | _a0415323584 (hardback) | ||
| 020 | _a0415323592 (pbk.) | ||
| 040 |
_aDLC _cDLC _dDLC |
||
| 042 | _apcc | ||
| 043 | _ae------ | ||
| 050 | 0 | 0 |
_aD 20 _b.R42 2006 |
| 082 | 0 | 0 |
_aTR 940 _bR44 2006 |
| 100 | 1 |
_aRietbergen, P. J. A. N. _91810 |
|
| 245 | 1 | 0 |
_aEurope : _ba cultural history / _cPeter Rietbergen. |
| 250 | _a2nd ed. | ||
| 260 |
_aAbingdon, [England] ; _aNew York : _bRoutledge, _c2006. |
||
| 263 | _a0511 | ||
| 300 |
_a545 p. : _c23 cm. |
||
| 500 | _aIncludes bibliographical references and index. | ||
| 521 | _aFaculty | ||
| 541 | _j1 | ||
| 562 | _eFor Circulation. One copy available in the collection | ||
| 651 | 0 |
_aEurope _xHistory. _91811 |
|
| 651 | 0 |
_aEurope _xCivilization. _91812 |
|
| 856 | 4 | 1 |
_3Table of contents only _uhttp://www.loc.gov/catdir/toc/ecip0511/2005012198.html |
| 856 | 4 | 2 |
_3Publisher description _uhttp://www.loc.gov/catdir/enhancements/fy0653/2005012198-d.html |
| 906 |
_a7 _brix _corignew _d1 _eecip _f20 _gy-gencatlg |
||
| 942 |
_2lcc _cBK-TR _kTR |
||
| 999 |
_c472 _d472 |
||